How to Draw Dragons in simple steps (Record no. 241754)

MARC details
000 -LEADER
fixed length control field 00319pam a2200133 a 4500
020 ## - INTERNATIONAL STANDARD BOOK NUMBER
Terms of availability
041 ## - LANGUAGE CODE
Language code of original
082 ## - DEWEY DECIMAL CLASSIFICATION NUMBER
Classification number 743.6
Item number DAV
100 ## - MAIN ENTRY--PERSONAL NAME
Personal name paul Bryn Davies.
245 ## - TITLE STATEMENT
Title How to Draw Dragons in simple steps
Medium Textual Documents
260 ## - PUBLICATION, DISTRIBUTION, ETC.
Place of publication, distribution, etc. [s.l]:
Name of publisher, distributor, etc. Search Press,
Date of publication, distribution, etc. 2014.
300 ## - PHYSICAL DESCRIPTION
Extent 32:
Other physical details paper.
930 ## - EQUIVALENCE OR CROSS-REFERENCE-UNIFORM TITLE HEADING [LOCAL, CANADA]
Uniform title 7964
Holdings
Withdrawn status Lost status Damaged status Not for loan Collection Home library Current library Date acquired Source of acquisition Cost, normal purchase price Total Checkouts Full call number Barcode Date last seen Copy number Price effective from Koha item type
          College of Fine Arts, Pune College of Fine Arts, Pune 18/03/2017 Bhararti Sahakari Grahak Bhandar 299.03   743.6 DAV FAP-8827 07/03/2023 1 07/03/2023 Book